MARC details
| 000 -BAŞLIK |
| Sabit Uzunlukta Kontrol Alanı |
01805na a2200421 4500 |
| 001 - KONTROL NUMARASI |
| Denetim Alanı |
20265 |
| 003 - KONTROL NUMARASI IDENTIFIER |
| Denetim Alanı |
MIRAKIL |
| 005 - SON İŞLEM TARİHİ VE ZAMANI |
| Denetim Alanı |
20181213155041.0 |
| 008 - SABİT-BOY VERİ ELEMANLARI - GENEL BİLGİLER |
| Sabit Uzunlukta Kontrol Alanı |
170120b tu 000 0 |
| 035 ## - SİSTEM KONTROL NUMARASI |
| Sistem Kontrol Numarası |
20265 |
| 040 ## - KATALOGLAMA KAYNAK |
| Orijinal Kataloglama Ajansı |
Milas |
| Kataloglama Dili |
tur |
| Metne Dönüştürmek Ajansı |
TR-AnCHP |
| 041 ## - DİL KODU |
| Metin / Ses Parça Veya Ayrı Başlığın Dil Kodu |
tur |
| 082 ## - DEWEY ONLU SINIFLANDIRMA NUMARASI |
| Sınıflandırma Numarası |
CHP 324.6 |
| Ürün Numarası |
C36m 2011 |
| 090 ## - SINIFLAMA NUMARASI |
| Sınıflama Numarası |
BROŞÜR 329 |
| 110 ## - ANA GİRİŞ - KURUMSAL ADI |
| Giriş Elemanı Olarak Kurumsal Ad Veya Yargı Alanı Adı |
Cumhuriyet Halk Partisi (CHP) |
| Alt Birim |
Genel Merkez Hukuk Birimi |
| 222 ## - ANAHTAR ADI |
| Anahtar Başlık |
Müşahitler için kılavuz |
| 245 ## - BAŞLIK TABLOSU |
| Başlık |
XXIV. dönem milletvekili genel seçimi |
| Başlığın Kalan |
Parti yöneticileri ile sandık kurulu üyeleri ve gözlemciler (müşahitler) için ön bilgilendirme notları 2011 |
| Sorumluluk Tablosu, Vb |
Cumhuriyet Halk Partisi Genel Merkez Hukuk Birimi |
| 246 ## - UNVAN FORM VARYING |
| Başlık Doğru / Kısa Başlığı |
Parti yöneticileri ile sandık kurulu üyeleri ve gözlemciler (müşahitler) için ön bilgilendirme notları 2011 |
| 246 ## - UNVAN FORM VARYING |
| Başlık Doğru / Kısa Başlığı |
CHP 2011 seçim kılavuzu |
| 246 ## - UNVAN FORM VARYING |
| Başlık Doğru / Kısa Başlığı |
24. dönem milletvekili genel seçimi, 12 Haziran 2011 |
| 260 ## - YAYIN, DAĞITIM, VB |
| Yayın, Dağıtım, Vb Yeri |
Ankara |
| Yayıncı, Dağıtıcı, Vs Adı |
CHP |
| Yayın, Dağıtım, Vb Tarihi |
2011 |
| 300 ## - FİZİKSEL TANIM |
| Kapsam |
37 s. |
| Boyutlar |
19 sm. |
| 440 ## - SERİSİ TABLOSU / KATMA GİRİŞİ - BAŞLIK |
| Başlık |
Cumhuriyet Halk Partisi yayınları |
| Bir İşin Parçası / Bölümün İsmi |
Kılavuzlar |
| 610 ## - KONU KATMA GİRİŞ - TOPLANTI ADI |
| Giriş Elemanı Olarak Kurumsal Ad Veya Yargı Alanı Adı |
Cumhuriyet Halk Partisi (CHP) |
| Genel Alt Bölüm |
Genel seçimler, 2011 |
| Kronolojik Alt Bölüm |
Kılavuzlar |
| 610 ## - KONU KATMA GİRİŞ - TOPLANTI ADI |
| Giriş Elemanı Olarak Kurumsal Ad Veya Yargı Alanı Adı |
Cumhuriyet Halk Partisi (CHP) |
| Genel Alt Bölüm |
Sandık kurulu üyeleri |
| Kronolojik Alt Bölüm |
Kılavuzlar |
| 610 ## - KONU KATMA GİRİŞ - TOPLANTI ADI |
| Giriş Elemanı Olarak Kurumsal Ad Veya Yargı Alanı Adı |
Cumhuriyet Halk Partisi (CHP) |
| Genel Alt Bölüm |
Gözlemciler (Müşahitler) |
| -- |
Seçim işlemleri |
| Kronolojik Alt Bölüm |
Kılavuzlar |
| 650 ## - KONU KATMA GİRİŞ - TOPİKAL DÖNEM |
| Topikal Süreli Veya Coğrafi Ad Giriş Elemanı |
Seçim hukuku |
| Coğrafi Alt Bölümü |
Türkiye |
| 650 ## - KONU KATMA GİRİŞ - TOPİKAL DÖNEM |
| Topikal Süreli Veya Coğrafi Ad Giriş Elemanı |
Seçimler |
| Kronolojik Alt Bölümü |
Hukuk ve mevzuat |
| Coğrafi Alt Bölümü |
Türkiye |
| 740 ## - KATMA GİRİŞ - KONTROLSUZ İLGİLİ / ANALİTİK BAŞLIK |
| Kontrol Edilmeyen / İlgili Analitik Başlıktaki |
CHP 2011 sandık kurulu üyeleri ve müşahitler rehberi |
| 740 ## - KATMA GİRİŞ - KONTROLSUZ İLGİLİ / ANALİTİK BAŞLIK |
| Kontrol Edilmeyen / İlgili Analitik Başlıktaki |
Sandık kurulu üyeleri ve müşahitler için rehber |
| 830 ## - SERİSİ EKLENDİ GİRİŞ - ÜNİFORM ADI |
| Üniforma Başlık |
CHP kılavuzları |
| 942 ## - EKLENDİ GİRİŞ ELEMANLARI (KOHA) |
| Sınıflandırma Veya Raf Düzeni Kaynak |
Dewey Decimal Classification |
| Koha Öğesi Türü |
Books |
| 999 ## - SİSTEM KONTROL NUMARALARI (KOHA) |
| Koha Biblionumber |
5587 |
| Koha Biblioitemnumber |
5587 |
| 655 ## - INDEX DÖNEM - TÜR / FORMU |
| -- |
Kılavuz kitaplar |
| 657 ## - INDEX SÜRE - İŞLEVİ |
| -- |
CHP seçim kılavuzları |
| 657 ## - INDEX SÜRE - İŞLEVİ |
| -- |
CHP 2011 seçim kılavuzu |
| 657 ## - INDEX SÜRE - İŞLEVİ |
| -- |
CHP gözlemciler (müşahitler) rehberi |